00496nam a2200157Ia 450000500170000000800410001708200130005810000150007124500470008626000380013330000130017150000340018494200060021895200990022499900150032320250325041723.0240331s9999 xx 000 0 und d bMUTa894 aMuthiah, K 0aIllakiyangal kurum thaththuvap poraddangal aShivagangaibAnam (Pvt) Ltdc1991 a208 p ., aThamil ilakkiaym patriya nool cL 001040708LaWERCLbWERCLcSSCd2024-03-31l0o 894.811 MUTp1558r2024-03-31w2024-03-31yL c3824d3824